Les 5 Capitales les plus proche de Berne, Vaduz, Saint-Marin, Rome et La Valette - Statistiques

Statistiques générales
  • Ce quiz a été pris 152 fois
  • Le résultat moyen est 12 sur 15
Statistiques - réponses
Réponse % Correct
Paris
99%
Rome / Vatican
99%
Vaduz
96%
Berne
93%
Saint-Marin
88%
Zagreb
83%
Luxembourg
81%
Tunis
81%
Bruxelles
79%
Monaco
79%
Tripoli
68%
Sarajevo
65%
Ljubljana
63%
Tirana
62%
Podgorica
49%
Aucun quiz correspondant
Distribution des résultats
% des personnes avec chaque résultat
Percentile par nombre de réponses
Votre historique - résultats
Vous n’avez pas pris ce quiz